ऊखल बंधन लीला / (Record no. 207121)

MARC details
000 -LEADER
fixed length control field 00757nam a22001817a 4500
005 - DATE AND TIME OF LATEST TRANSACTION
control field 20241128115342.0
010 ## - LCCN (DPL NO)
LC control number HIN-128860
020 ## - INTERNATIONAL STANDARD BOOK NUMBER
Terms of availability 50.00
035 ## - SYSTEM CONTROL NUMBER
System control number HN-101206
037 ## - SOURCE OF ACQUISITION
Source of stock number/acquisition DBAD
082 ## - DEWEY DECIMAL CLASSIFICATION NUMBER
Classification number 230.2
100 ## - MAIN ENTRY--PERSONAL NAME
Personal name सरस्वती, अखंडानंद
245 ## - TITLE STATEMENT
Title ऊखल बंधन लीला /
Statement of responsibility, etc अखंडानंद सरस्वती
260 ## - PUBLICATION, DISTRIBUTION, ETC. (IMPRINT)
Place of publication, distribution, etc वृंदावन
Name of publisher, distributor, etc स्वमीश्री अखंडानंद पुस्तकालय
Date of publication, distribution, etc 2012
270 ## - ADDRESS
Address आनन्द कुटीर, मोतीझील
City वृंदावन
Postal code 281121
Telephone number 09837219460
300 ## - PHYSICAL DESCRIPTION
Extent 256 पृ.
Dimensions 21 सेमी (अजिल्द)
942 ## - ADDED ENTRY ELEMENTS (KOHA)
Source of classification or shelving scheme Dewey Decimal Classification
Item type Hindi Books
Classification part 230.2
Call number suffix सरस्व
Holdings
Withdrawn status Lost status Not for loan Collection code Home library Current library Date acquired Source of acquisition Cost, normal purchase price Full call number Barcode Copy number Cost, replacement price Koha item type
      Non-fiction Bawana Bawana 28/11/2024 DBAD 50.00 230.2 सरस्व HN-101206 1 50.00 Hindi Books

© Delhi Public Library
Hit Counter
free hit counter